Szczegóły MARC21

Der unbequeme Dürrenmatt /

003 -Nazwa inst., której nr kontr. jest w polu 001 [,]
    • @
    • Nazwa instytucji, której n kontrolny jest w polu 001
    • NUKAT
005 -DATA I CZAS OSTATNIEJ MODYFIKACJI [,]
    • @
    • pole kontrolne
    • 20241231111316.0
040 -Instytucja sporządzająca opis [ , ]
    • a
    • Instytucja, która sporządziła opis (NP)
    • TOR U/MS
    • b
    • Język katalogowania
    • pol
    • e
    • Zasady katalogowania
    • rda
    • c
    • Instytucja, która sporządziła rekord (NP)
    • TOR U/MS
    • d
    • Instytucja, która zmodyfikowała rekord (P)
    • TOR U/LF
    • d
    • Instytucja, która zmodyfikowała rekord (P)
    • TOR U/IMs
    • d
    • Instytucja, która zmodyfikowała rekord (P)
    • SZCZ U/JS
044 -Kraj miejsca wydania [ , ]
    • a
    • Kraj miejsca wydania
    • Szwajcaria
    • a
    • Kraj miejsca wydania
    • Niemcy
942 -Rodzaj dokumentu [ , ]
    • c
    • Rodzaj dokumentu
    • Książka
245 -Strefa tytułu i oznaczenia odpowiedzialności [0,4]
    • a
    • Tytuł
    • Der unbequeme Dürrenmatt / Find
    • c
    • Pozostałe elementy strefy tytułu i oznaczenia odpowiedzialności (NP)
    • mit Beiträgen von Gottfried Benn, Elisabeth Brock-Sulzer, Fritz Buri, Reinhold Grimm, Hans Mayer und Werner Oberle.
260 -Strefa adresu wydawniczego [ , ]
    • a
    • Miejsce wydania (P)
    • Basel ;
    • a
    • Miejsce wydania (P)
    • Stuttgart :
    • b
    • Nazwa wydawcy (P)
    • Basilius Presse,
    • c
    • Data wydania (P)
    • copyright 1962.
300 -Strefa opisu fizycznego [ , ]
    • a
    • Określenie formy książki i/lub objętość (NP)
    • 136 stron ;
    • c
    • Format (NP)
    • 23 cm.
336 -Typ zawartości [ , ]
    • a
    • Termin opisujący typ zawartości
    • Tekst
    • b
    • Kod określający zawartość
    • txt
    • 2
    • Źródło (terminu i kodu)
    • rdacontent
337 -Typ mediów [ , ]
    • a
    • Tryb odtwarzania
    • Bez urządzenia pośredniczącego
    • b
    • Kod typu mediów
    • n
    • 2
    • Źródło (terminu i kodu)
    • rdamedia
338 -Typ/rodzaj nośnika [ , ]
    • a
    • Hasło opisujące typ nośnika
    • Wolumin
    • b
    • Kod typu nośnika
    • nc
    • 2
    • Źródło (terminu i kodu)
    • rdacarrier
490 -Strefa serii i książki wielotomowej - forma nie do wyszukiwania [1, ]
    • a
    • Tytuł (P)
    • Theater Unserer Zeit ; Find
    • v
    • Numeracja (P)
    • Bd. 4
830 -Hasło dodatkowe serii i opisu książki wielotomowej - tytuł ujednolicony/tytuł [ ,0]
    • a
    • Tytuł ujednolicony/tytuł (NP)
    • Theater Unserer Zeit
    • x
    • ISSN
    • 0495-4106
    • v
    • Oznaczenie tomu (NP)
    • Band 4
    • 9
    • KHW
    • 452450
600 -Hasło przedmiotowe w formie nazwy osobowej [1,7]
    • a
    • Nazwa osobowa
    • Dürrenmatt, Friedrich
    • d
    • Daty związane z nazwą
    • (1921-1990)
    • x
    • Określnik rzeczowy
    • krytyka i interpretacja.
    • 2
    • Źródło terminu
    • kaba
    • 9
    • KHW
    • 448716
700 -Hasło dodatkowe - nazwa osobowa [1, ]
    • a
    • Nazwa osobowa (NP)
    • Benn, Gottfried Find
    • d
    • Daty biograficzne (NP)
    • (1886-1956).
    • e
    • Określenie rodzaju współpracy
    • Redakcja
    • 9
    • KHW
    • 66798
700 -Hasło dodatkowe - nazwa osobowa [1, ]
    • a
    • Nazwa osobowa (NP)
    • Brock-Sulzer, Elisabeth. Find
    • e
    • Określenie rodzaju współpracy
    • Redakcja
    • 9
    • KHW
    • 448742
700 -Hasło dodatkowe - nazwa osobowa [1, ]
    • a
    • Nazwa osobowa (NP)
    • Buri, Fritz Find
    • d
    • Daty biograficzne (NP)
    • (1907-1995).
    • e
    • Określenie rodzaju współpracy
    • Redakcja
    • 9
    • KHW
    • 452448
700 -Hasło dodatkowe - nazwa osobowa [1, ]
    • a
    • Nazwa osobowa (NP)
    • Grimm, Reinhold Find
    • d
    • Daty biograficzne (NP)
    • (1931-2009).
    • e
    • Określenie rodzaju współpracy
    • Redakcja
    • 9
    • KHW
    • 452446
700 -Hasło dodatkowe - nazwa osobowa [1, ]
    • a
    • Nazwa osobowa (NP)
    • Mayer, Hans Find
    • d
    • Daty biograficzne (NP)
    • (1907-2001).
    • e
    • Określenie rodzaju współpracy
    • Redakcja
    • 9
    • KHW
    • 20005
700 -Hasło dodatkowe - nazwa osobowa [1, ]
    • a
    • Nazwa osobowa (NP)
    • Oberle, Werner. Find
    • e
    • Określenie rodzaju współpracy
    • Redakcja
    • 9
    • KHW
    • 452447
710 -Hasło dodatkowe - nazwa ciała zbiorowego [2, ]
    • a
    • Nazwa ciała zbiorowego lub nazwa geograficzna jako pierwszy element (NP)
    • Basilius Presse.
    • e
    • Rodzaj współpracy
    • Wydawca
    • 4
    • Kod relacji
    • pbl
    • 9
    • KHW
    • 452449
Status udost. Sygnatura Lokalizacja Numer inwentarzowy
-3Germ.Literaturozn.-Dürrenmatt 04BMG.481